| 000 | 00626nam a2200181 4500 | ||
|---|---|---|---|
| 008 | 0 1998 0a 000 0MEX | ||
| 020 | _a968-480-424-5 | ||
| 050 | _aP95 R65 1998 | ||
| 082 | _a372.6 R742t | ||
| 100 | _aRojas Tapia Antonio. | ||
| 245 | _aTaller de expresión oral y escrita : Linguistica y comunicación / Rojas Tapia Antonio [et al.] | ||
| 250 | _a3a. ed. | ||
| 260 | _aMéxico : Editorial banca y comercio. | ||
| 300 | _a130 p. il. / 28 cm. | ||
| 500 | _aIncluye, índice. | ||
| 650 | _a1.- ESPAÑOL-COMPOSICIÒN Y EJERCICIOS. 2.- ESPAÑOL - GRAMATICA. | ||
| 700 | _aAmaro Barriga Manuel Javier. | ||
| 999 |
_c14248 _d14248 |
||